Dimensionen des Wettbewerbs Seine Rolle in der Entstehung und Ausgestaltung von Wirtschaftsordnungen

Gespeichert in:
Bibliographische Detailangaben
Weitere Verfasser: Delhaes, Karl von, Fehl, Ulrich
Format: Buch
Sprache:Deutsch
Veröffentlicht: Stuttgart Lucius und Lucius 1997
Ausgabe:1. Aufl.
Schriftenreihe:Schriften zu Ordnungsfragen der Wirtschaft Band 52
Schlagworte:
Tags: Tag hinzufügen
Keine Tags, Fügen Sie das erste Tag hinzu!

MARC

LEADER 00000nam a2200000 4500
001 c021757
005 20221214070844.4
020 |a 3-8282-0033-8 
041 0 |a ger 
044 |a DE 
245 1 0 |a Dimensionen des Wettbewerbs  |b Seine Rolle in der Entstehung und Ausgestaltung von Wirtschaftsordnungen  |c Edit. Karl von Delhaes, Ulrich Fehl 
250 |a 1. Aufl. 
264 1 |a Stuttgart  |b Lucius und Lucius  |c 1997 
300 |a 564 s. 
490 1 |a Schriften zu Ordnungsfragen der Wirtschaft  |v Band 52 
830 0 |a Schriften zu Ordnungsfragen der Wirtschaft  |v Band 52 
610 2 0 |a konkurencia 
610 2 0 |a súťaž hospodárska 
610 2 0 |a koncepcie 
610 2 0 |a koordinácia 
610 2 0 |a kapitál 
610 2 0 |a trh 
610 2 0 |a tovar 
610 2 0 |a trh kapitálový 
610 2 0 |a energia 
610 2 0 |a liečivá 
610 2 0 |a poistenie nemocenské 
610 2 0 |a demokracia 
610 2 0 |a inštitúcia 
610 2 0 |a hospodárstvo národné 
610 2 0 |a organizácia 
610 2 0 |a industrializácia 
610 2 0 |a rozvoj hospodársky 
610 2 0 |a systémy ekonomické 
610 2 0 |a transformácia 
610 2 0 |a ručenie 
610 2 0 |a opcie 
610 2 0 |a Nemecko 
610 2 0 |a USA 
700 1 |a Delhaes, Karl von 
700 1 |a Fehl, Ulrich